00461nam a22001337a 4500008004100000082001800041100002300059245014500082250001200227260004200239300001300281365001000294650002300304200616b ||||| |||| 00| 0 eng d00a623.81bM2832 aManning, George C.10aThe Theory and technique of ship design : A study of the basic principles and the Processes employed in the design of ships of all classes a1st ed. aMassachusettsbTechnology pressc1956 ax, 256p. d48.57 0aNaval Architecture